[Event "ODJM C 2024"]
[Site "Willingen GER"]
[Date "2024.05.19"]
[Round "1"]
[White "Börner, Martha"]
[Black "Michaelis, Leon"]
[Result "0-1"]
[Termination "normal"]
[Board "27"]
[WhiteElo "1197"]
[BlackElo "917"]
[WhiteClock "01:38:14"]
[BlackClock "01:24:30"]
[PlyCount "152"]
[WhiteFideId "34665382"]
[BlackFideId "34660542"]
[EventCountry "GER"]
[EventRounds "9"]
[EventType "swiss"]
[EventDate "2024.05.18"]

1. e4 {[%clk 01:30:56]} {[%emt 00:00:03]} e5 {[%clk 01:30:58]} {[%emt
00:00:02]} 2. Nf3 {[%clk 01:31:18]} {[%emt 00:00:08]} Nc6 {[%emt 00:00:10]} 3.
Bb5 {[%emt 00:00:08]} Bc5 {[%emt 00:00:34]} 4. Nxe5 {[%emt 00:00:13]} Bxf2+
{[%clk 01:29:42]} {[%emt 00:00:41]} 5. Kxf2 {[%clk 01:31:35]} {[%emt 00:00:13]}
Nxe5 {[%clk 01:29:54]} {[%emt 00:00:19]} 6. Ke1 {[%clk 01:31:43]} {[%emt
00:00:20]} c6 {[%clk 01:29:48]} {[%emt 00:00:37]} 7. Ba4 {[%clk 01:32:00]}
{[%emt 00:00:11]} Nf6 {[%clk 01:29:52]} {[%emt 00:00:28]} 8. Nc3 {[%clk
01:32:16]} {[%emt 00:00:13]} O-O {[%emt 00:00:22]} 9. Kf2 {[%emt 00:00:12]} d5
{[%clk 01:29:21]} {[%emt 00:00:28]} 10. exd5 {[%clk 01:32:09]} {[%emt
00:00:37]} Nxd5 {[%clk 01:29:40]} {[%emt 00:00:11]} 11. d4 {[%clk 01:32:17]}
{[%emt 00:00:21]} Qf6+ {[%clk 01:27:06]} {[%emt 00:03:04]} 12. Ke1 {[%clk
01:31:25]} {[%emt 00:01:22]} Ng4 {[%clk 01:25:04]} {[%emt 00:02:33]} 13. Qf3
{[%clk 01:30:30]} {[%emt 00:01:22]} Re8+ {[%clk 01:24:22]} {[%emt 00:01:15]}
14. Ne2 {[%clk 01:29:25]} {[%emt 00:01:34]} Qxf3 {[%clk 01:23:09]} {[%emt
00:01:44]} 15. gxf3 {[%clk 01:29:45]} {[%emt 00:00:11]} Ngf6 {[%clk 01:23:15]}
{[%emt 00:00:23]} 16. Rg1 {[%clk 01:29:12]} {[%emt 00:01:02]} Bf5 {[%clk
01:21:35]} {[%emt 00:02:10]} 17. Bh6 {[%clk 01:28:58]} {[%emt 00:00:43]} g6
{[%clk 01:21:52]} {[%emt 00:00:14]} 18. c4 {[%clk 01:28:42]} {[%emt 00:00:47]}
Bd3 {[%clk 01:19:47]} {[%emt 00:02:34]} 19. cxd5 {[%clk 01:27:11]} {[%emt
00:02:01]} Rxe2+ {[%clk 01:19:58]} {[%emt 00:00:20]} 20. Kd1 {[%clk 01:27:07]}
{[%emt 00:00:33]} cxd5 {[%clk 01:20:00]} {[%emt 00:00:28]} 21. Bg5 {[%clk
01:27:08]} {[%emt 00:00:28]} Kg7 {[%clk 01:19:35]} {[%emt 00:00:56]} 22. h4
{[%clk 01:26:52]} {[%emt 00:00:46]} Rxb2 {[%clk 01:18:43]} {[%emt 00:01:22]}
23. h5 {[%clk 01:27:06]} {[%emt 00:00:16]} Nxh5 {[%clk 01:18:52]} {[%emt
00:00:20]} 24. Kc1 {[%clk 01:27:22]} {[%emt 00:00:13]} Rb4 {[%clk 01:18:53]}
{[%emt 00:00:24]} 25. Kd2 {[%clk 01:26:15]} {[%emt 00:01:42]} Rxd4 {[%clk
01:18:47]} {[%emt 00:00:38]} 26. Kc3 {[%clk 01:26:27]} {[%emt 00:00:15]} Rxa4
{[%clk 01:19:06]} {[%emt 00:00:14]} 27. Kxd3 {[%clk 01:26:48]} {[%emt
00:00:08]} Nf4+ {[%clk 01:18:42]} {[%emt 00:00:54]} 28. Bxf4 {[%clk 01:27:03]}
{[%emt 00:00:14]} Rxf4 {[%clk 01:19:02]} {[%emt 00:00:12]} 29. Ke3 {[%clk
01:27:22]} {[%emt 00:00:10]} Rc4 {[%clk 01:19:16]} {[%emt 00:00:16]} 30. Rg4
{[%clk 01:27:40]} {[%emt 00:00:13]} h5 {[%clk 01:19:12]} {[%emt 00:00:34]} 31.
Rxc4 {[%clk 01:28:00]} {[%emt 00:00:09]} dxc4 {[%clk 01:19:28]} {[%emt
00:00:16]} 32. Kd4 {[%clk 01:28:15]} {[%emt 00:00:14]} b5 {[%clk 01:19:45]}
{[%emt 00:00:13]} 33. Kc5 {[%clk 01:28:29]} {[%emt 00:00:16]} Kh6 {[%clk
01:19:28]} {[%emt 00:00:48]} 34. Kxb5 {[%clk 01:28:50]} {[%emt 00:00:09]} Rc8
{[%clk 01:19:43]} {[%emt 00:00:15]} 35. Rc1 {[%clk 01:29:09]} {[%emt 00:00:10]}
h4 {[%clk 01:20:07]} {[%emt 00:00:07]} 36. Kb4 {[%clk 01:29:24]} {[%emt
00:00:14]} Kg5 {[%clk 01:20:09]} {[%emt 00:00:28]} 37. Kc3 {[%clk 01:29:45]}
{[%emt 00:00:09]} Kf4 {[%clk 01:20:36]} {[%emt 00:00:03]} 38. Rg1 {[%clk
01:29:54]} {[%emt 00:00:19]} Kxf3 {[%clk 01:20:53]} {[%emt 00:00:15]} 39. Rf1
{[%clk 01:30:17]} {[%emt 00:00:07]} Kg2 {[%clk 01:21:19]} {[%emt 00:00:04]} 40.
Rxf7 {[%clk 01:30:09]} {[%emt 00:00:39]} h3 {[%emt 00:01:07]} 41. Rg7 {[%emt
00:00:09]} h2 {[%clk 01:20:13]} {[%emt 00:00:19]} 42. Rxg6+ {[%clk 01:30:32]}
{[%emt 00:00:07]} Kf2 {[%clk 01:20:41]} {[%emt 00:00:02]} 43. Rh6 {[%clk
01:30:49]} {[%emt 00:00:13]} Kg2 {[%clk 01:21:04]} {[%emt 00:00:07]} 44. Rg6+
{[%clk 01:31:13]} {[%emt 00:00:06]} Kh1 {[%clk 01:20:47]} {[%emt 00:00:47]} 45.
a4 {[%clk 01:31:19]} {[%emt 00:00:25]} Rf8 {[%clk 01:21:08]} {[%emt 00:00:07]}
46. Kxc4 {[%clk 01:31:31]} {[%emt 00:00:20]} Rf2 {[%clk 01:21:30]} {[%emt
00:00:08]} 47. Kd3 {[%clk 01:31:26]} {[%emt 00:00:35]} Rg2 {[%clk 01:21:57]}
{[%emt 00:00:03]} 48. Re6 {[%clk 01:31:42]} {[%emt 00:00:14]} Kg1 {[%clk
01:22:15]} {[%emt 00:00:13]} 49. Re1+ {[%clk 01:32:07]} {[%emt 00:00:05]} Kf2
{[%clk 01:22:07]} {[%emt 00:00:38]} 50. Kd2 {[%clk 01:32:04]} {[%emt 00:00:33]}
Kg3+ {[%clk 01:22:26]} {[%emt 00:00:09]} 51. Kd3 {[%clk 01:32:06]} {[%emt
00:00:30]} Rg1 {[%clk 01:22:36]} {[%emt 00:00:19]} 52. Re3 {[%clk 01:32:27]}
{[%emt 00:00:09]} Kg4 {[%clk 01:22:56]} {[%emt 00:00:11]} 53. Re4+ {[%clk
01:32:49]} {[%emt 00:00:08]} Kf5 {[%clk 01:23:22]} {[%emt 00:00:03]} 54. Rh4
{[%clk 01:32:09]} {[%emt 00:01:11]} h1=Q {[%emt 00:00:08]} 55. Rxh1 {[%clk
01:32:31]} {[%emt 00:00:04]} Rxh1 {[%clk 01:24:15]} {[%emt 00:00:03]} 56. Ke3
{[%clk 01:32:50]} {[%emt 00:00:11]} Ra1 {[%clk 01:24:42]} {[%emt 00:00:03]} 57.
Kd3 {[%clk 01:33:11]} {[%emt 00:00:09]} Rxa4 {[%clk 01:23:38]} {[%emt
00:01:34]} 58. Kc3 {[%clk 01:33:30]} {[%emt 00:00:11]} a5 {[%clk 01:23:22]}
{[%emt 00:00:45]} 59. Kb3 {[%clk 01:33:46]} {[%emt 00:00:15]} Rb4+ {[%clk
01:23:42]} {[%emt 00:00:07]} 60. Ka3 {[%clk 01:34:09]} {[%emt 00:00:10]} Ke5
{[%clk 01:23:42]} {[%emt 00:00:29]} 61. Ka2 {[%clk 01:34:32]} {[%emt 00:00:08]}
Kd5 {[%clk 01:23:20]} {[%emt 00:00:53]} 62. Ka3 {[%clk 01:34:51]} {[%emt
00:02:38]} Kc4 {[%emt 00:00:10]} 63. Ka2 {[%emt 00:00:07]} Kc3 {[%clk
01:22:40]} {[%emt 00:00:54]} 64. Ka3 {[%clk 01:34:48]} {[%emt 00:00:33]} a4
{[%clk 01:22:53]} {[%emt 00:00:18]} 65. Ka2 {[%clk 01:35:08]} {[%emt 00:00:10]}
Rb3 {[%clk 01:22:58]} {[%emt 00:00:24]} 66. Ka1 {[%clk 01:35:29]} {[%emt
00:00:08]} Ra3+ {[%clk 01:23:25]} {[%emt 00:00:02]} 67. Kb1 {[%clk 01:35:50]}
{[%emt 00:00:10]} Kb3 {[%clk 01:23:48]} {[%emt 00:00:06]} 68. Kc1 {[%clk
01:36:17]} {[%emt 00:00:03]} Ra1+ {[%clk 01:24:10]} {[%emt 00:00:08]} 69. Kd2
{[%clk 01:36:41]} {[%emt 00:00:07]} Rb1 {[%emt 00:00:18]} 70. Kd3 {[%emt
00:00:27]} a3 {[%clk 01:23:41]} {[%emt 00:00:11]} 71. Kd2 {[%clk 01:37:03]}
{[%emt 00:00:10]} a2 {[%clk 01:24:10]} {[%emt 00:00:02]} 72. Ke2 {[%clk
01:37:23]} {[%emt 00:00:10]} a1=Q {[%emt 00:00:05]} 73. Kd3 {[%emt 00:00:12]}
Qc3 {[%clk 01:24:16]} {[%emt 00:00:07]} 74. Ke2 {[%clk 01:37:46]} {[%emt
00:00:07]} Rb2+ {[%clk 01:24:43]} {[%emt 00:00:02]} 75. Kd1 {[%clk 01:38:11]}
{[%emt 00:00:05]} Qc2+ {[%clk 01:24:57]} {[%emt 00:00:16]} 76. Ke1 {[%clk
01:38:14]} {[%emt 00:00:28]} Qc1# {[%clk 01:24:30]} {[%emt 00:00:02]} 0-1

[Event "ODJM C 2024"]
[Site "Willingen GER"]
[Date "2024.05.19"]
[Round "1"]
[White "Rinke, Leonard"]
[Black "Betz, Niclas"]
[Result "0-1"]
[Termination "normal"]
[Board "28"]
[WhiteElo "906"]
[BlackElo "1658"]
[WhiteClock "01:21:11"]
[BlackClock "01:38:15"]
[PlyCount "70"]
[WhiteFideId "34682155"]
[BlackFideId "34616748"]
[EventCountry "GER"]
[EventRounds "9"]
[EventType "swiss"]
[EventDate "2024.05.18"]

1. e4 {[%clk 01:30:58]} {[%emt 00:00:01]} e5 {[%clk 01:30:52]} {[%emt
00:00:09]} 2. Nf3 {[%clk 01:31:23]} {[%emt 00:00:05]} Nc6 {[%clk 01:31:19]}
{[%emt 00:00:04]} 3. Bb5 {[%clk 01:31:39]} {[%emt 00:00:13]} Nf6 {[%clk
01:31:38]} {[%emt 00:00:11]} 4. Bxc6 {[%clk 01:32:01]} {[%emt 00:00:06]} dxc6
{[%clk 01:32:04]} {[%emt 00:00:06]} 5. O-O {[%clk 01:32:15]} {[%emt 00:00:16]}
Bg4 {[%clk 01:32:17]} {[%emt 00:00:17]} 6. d3 {[%clk 01:32:03]} {[%emt
00:00:41]} Bc5 {[%clk 01:32:16]} {[%emt 00:00:32]} 7. Bg5 {[%clk 01:31:40]}
{[%emt 00:00:52]} O-O {[%clk 01:32:25]} {[%emt 00:00:21]} 8. h3 {[%clk
01:32:00]} {[%emt 00:00:11]} Bh5 {[%clk 01:32:49]} {[%emt 00:00:06]} 9. Nc3
{[%clk 01:32:12]} {[%emt 00:00:18]} Re8 {[%clk 01:32:39]} {[%emt 00:00:41]} 10.
Na4 {[%clk 01:32:11]} {[%emt 00:00:30]} Bd4 {[%clk 01:32:58]} {[%emt 00:00:11]}
11. c3 {[%clk 01:32:06]} {[%emt 00:00:35]} Bb6 {[%clk 01:32:52]} {[%emt
00:00:36]} 12. Nxb6 {[%clk 01:32:22]} {[%emt 00:00:14]} axb6 {[%clk 01:33:15]}
{[%emt 00:00:08]} 13. d4 {[%clk 01:31:24]} {[%emt 00:01:26]} exd4 {[%clk
01:33:02]} {[%emt 00:00:44]} 14. cxd4 {[%clk 01:31:42]} {[%emt 00:00:09]} Rxe4
{[%clk 01:33:05]} {[%emt 00:00:29]} 15. Bxf6 {[%clk 01:30:23]} {[%emt
00:01:50]} Qxf6 {[%clk 01:33:31]} {[%emt 00:00:05]} 16. Qd3 {[%clk 01:28:33]}
{[%emt 00:02:08]} Bxf3 {[%clk 01:33:58]} {[%emt 00:00:13]} 17. gxf3 {[%clk
01:27:50]} {[%emt 00:01:14]} Rxd4 {[%clk 01:33:55]} {[%emt 00:00:32]} 18. Qe3
{[%emt 00:00:24]} Rh4 {[%emt 00:00:48]} 19. Rfe1 {[%clk 01:25:32]} {[%emt
00:01:34]} h6 {[%clk 01:33:46]} {[%emt 00:00:41]} 20. Kh2 {[%emt 00:00:08]}
Qxb2 {[%emt 00:00:18]} 21. Re2 {[%clk 01:24:09]} {[%emt 00:01:24]} Qxa1 {[%clk
01:34:13]} {[%emt 00:00:07]} 22. Kg3 {[%clk 01:23:31]} {[%emt 00:01:06]} Qf6
{[%clk 01:34:16]} {[%emt 00:00:29]} 23. a3 {[%clk 01:23:01]} {[%emt 00:00:52]}
Rha4 {[%clk 01:34:00]} {[%emt 00:00:52]} 24. Ra2 {[%clk 01:23:20]} {[%emt
00:00:05]} Qg5+ {[%clk 01:33:59]} {[%emt 00:00:38]} 25. Kh2 {[%emt 00:00:45]}
Qxe3 {[%emt 00:00:21]} 26. fxe3 {[%clk 01:22:20]} {[%emt 00:00:24]} Rxa3 {[%clk
01:34:26]} {[%emt 00:00:04]} 27. Re2 {[%clk 01:22:26]} {[%emt 00:00:22]} Ra2
{[%clk 01:34:51]} {[%emt 00:00:07]} 28. Rxa2 {[%clk 01:21:07]} {[%emt
00:01:46]} Rxa2+ {[%clk 01:35:18]} {[%emt 00:00:05]} 29. Kg1 {[%clk 01:20:38]}
{[%emt 00:00:56]} b5 {[%clk 01:35:43]} {[%emt 00:00:08]} 30. Kf1 {[%clk
01:19:34]} {[%emt 00:01:34]} c5 {[%clk 01:36:07]} {[%emt 00:00:07]} 31. Ke1
{[%clk 01:19:54]} {[%emt 00:00:09]} b4 {[%clk 01:36:30]} {[%emt 00:00:08]} 32.
Kd1 {[%clk 01:21:11]} {[%emt 00:04:49]} b3 {[%clk 01:37:05]} {[%emt 00:00:56]}
33. Kc1 {[%clk 01:21:25]} {[%emt 00:00:15]} c4 {[%clk 01:37:30]} {[%emt
00:00:06]} 34. Kb1 {[%clk 01:21:48]} {[%emt 00:00:07]} c3 {[%clk 01:37:55]}
{[%emt 00:00:06]} 35. Kc1 {[%clk 01:21:11]} {[%emt 00:01:07]} Ra1# {[%clk
01:38:15]} {[%emt 00:00:11]} 0-1

[Event "ODJM C 2024"]
[Site "Willingen GER"]
[Date "2024.05.19"]
[Round "1"]
[White "Weibrecht, Theo"]
[Black "Kanno, Gabriel"]
[Result "1-0"]
[Termination "normal"]
[Board "29"]
[WhiteElo "1596"]
[BlackElo "884"]
[WhiteClock "01:16:27"]
[BlackClock "01:29:40"]
[PlyCount "37"]
[WhiteFideId "34660240"]
[BlackFideId "34623973"]
[EventCountry "GER"]
[EventRounds "9"]
[EventType "swiss"]
[EventDate "2024.05.18"]

1. e4 {[%clk 01:30:57]} {[%emt 00:00:02]} e5 {[%clk 01:30:57]} {[%emt
00:00:03]} 2. Nf3 {[%clk 01:31:20]} {[%emt 00:00:07]} Nc6 {[%emt 00:00:05]} 3.
Bc4 {[%clk 01:31:45]} {[%emt 00:00:05]} Bc5 {[%clk 01:31:47]} {[%emt 00:00:05]}
4. d4 {[%clk 01:32:07]} {[%emt 00:00:08]} exd4 {[%clk 01:31:59]} {[%emt
00:00:18]} 5. Ng5 {[%clk 01:32:29]} {[%emt 00:00:08]} Nh6 {[%clk 01:32:20]}
{[%emt 00:00:09]} 6. Nxf7 {[%clk 01:32:42]} {[%emt 00:00:17]} Nxf7 {[%clk
01:32:41]} {[%emt 00:00:09]} 7. Bxf7+ {[%emt 00:00:05]} Kxf7 {[%emt 00:00:08]}
8. Qh5+ {[%clk 01:32:54]} {[%emt 00:00:05]} g6 {[%clk 01:33:02]} {[%emt
00:00:10]} 9. Qxc5 {[%clk 01:33:18]} {[%emt 00:00:06]} Re8 {[%clk 01:33:22]}
{[%emt 00:00:10]} 10. O-O {[%clk 01:33:32]} {[%emt 00:00:15]} Rxe4 {[%clk
01:33:29]} {[%emt 00:00:23]} 11. Qd5+ {[%clk 01:33:48]} {[%emt 00:00:14]} Re6
{[%clk 01:33:19]} {[%emt 00:00:41]} 12. Bg5 {[%clk 01:33:53]} {[%emt 00:00:24]}
Qf8 {[%clk 01:33:09]} {[%emt 00:00:41]} 13. f4 {[%clk 01:33:08]} {[%emt
00:01:15]} Kg7 {[%clk 01:32:49]} {[%emt 00:00:49]} 14. f5 {[%clk 01:29:58]}
{[%emt 00:03:41]} Re5 {[%clk 01:32:39]} {[%emt 00:00:40]} 15. f6+ {[%clk
01:17:59]} {[%emt 00:12:30]} Kh8 {[%clk 01:32:45]} {[%emt 00:00:24]} 16. Bh6
{[%clk 01:17:26]} {[%emt 00:01:03]} Qxh6 {[%clk 01:31:09]} {[%emt 00:02:07]}
17. Qf7 {[%clk 01:16:35]} {[%emt 00:01:07]} Rf5 {[%clk 01:29:35]} {[%emt
00:02:17]} 18. Qe8+ {[%clk 01:16:36]} {[%emt 00:00:20]} Qf8 {[%clk 01:29:40]}
{[%emt 00:00:34]} 19. Qxf8# {[%clk 01:16:27]} {[%emt 00:00:09]} 1-0

[Event "ODJM C 2024"]
[Site "Willingen GER"]
[Date "2024.05.19"]
[Round "1"]
[White "Bräutigam, Viktoria"]
[Black "Hellmann, Alexander"]
[Result "1/2-1/2"]
[Termination "normal"]
[Board "30"]
[WhiteElo "863"]
[BlackElo "1524"]
[WhiteClock "00:17:49"]
[BlackClock "00:33:29"]
[PlyCount "146"]
[WhiteFideId "34638652"]
[BlackFideId "34612050"]
[EventCountry "GER"]
[EventRounds "9"]
[EventType "swiss"]
[EventDate "2024.05.18"]

1. e4 {[%clk 01:30:58]} {[%emt 00:00:01]} e5 {[%clk 01:30:53]} {[%emt
00:00:06]} 2. Nf3 {[%clk 01:31:11]} {[%emt 00:00:17]} Nc6 {[%clk 01:31:18]}
{[%emt 00:00:07]} 3. Bc4 {[%clk 01:31:11]} {[%emt 00:00:28]} Bc5 {[%clk
01:28:22]} {[%emt 00:03:28]} 4. Nc3 {[%clk 01:30:50]} {[%emt 00:00:50]} d6
{[%clk 01:28:32]} {[%emt 00:00:21]} 5. h3 {[%clk 01:31:03]} {[%emt 00:00:16]}
Nf6 {[%clk 01:28:02]} {[%emt 00:01:01]} 6. O-O {[%clk 01:30:43]} {[%emt
00:00:50]} O-O {[%clk 01:28:07]} {[%emt 00:00:25]} 7. d3 {[%clk 01:30:18]}
{[%emt 00:00:54]} Be6 {[%clk 01:27:29]} {[%emt 00:01:08]} 8. Bb3 {[%clk
01:29:55]} {[%emt 00:00:53]} Ne7 {[%clk 01:25:03]} {[%emt 00:02:56]} 9. Be3
{[%clk 01:28:21]} {[%emt 00:02:04]} Bb6 {[%clk 01:24:30]} {[%emt 00:01:02]} 10.
Ng5 {[%clk 01:26:43]} {[%emt 00:02:08]} Bxb3 {[%clk 01:22:11]} {[%emt
00:02:49]} 11. axb3 {[%clk 01:26:38]} {[%emt 00:00:32]} Ng6 {[%clk 01:18:49]}
{[%emt 00:03:55]} 12. Na4 {[%clk 01:23:22]} {[%emt 00:03:46]} Nd7 {[%clk
01:16:45]} {[%emt 00:02:33]} 13. Nxb6 {[%clk 01:19:47]} {[%emt 00:04:06]} Nxb6
{[%clk 01:17:01]} {[%emt 00:00:15]} 14. Qg4 {[%clk 01:13:30]} {[%emt 00:06:46]}
h6 {[%clk 01:07:05]} {[%emt 00:10:26]} 15. Nf3 {[%clk 01:09:49]} {[%emt
00:00:25]} Nd7 {[%clk 01:06:11]} {[%emt 00:05:10]} 16. Nh2 {[%clk 01:09:08]}
{[%emt 00:01:10]} Nf6 {[%clk 01:05:25]} {[%emt 00:01:16]} 17. Qe2 {[%clk
01:06:35]} {[%emt 00:03:03]} Qd7 {[%clk 01:02:56]} {[%emt 00:02:59]} 18. Ng4
{[%clk 01:04:18]} {[%emt 00:02:46]} Nxg4 {[%clk 01:02:54]} {[%emt 00:00:34]}
19. hxg4 {[%clk 01:04:31]} {[%emt 00:00:15]} Qe6 {[%clk 00:59:57]} {[%emt
00:03:26]} 20. f4 {[%clk 01:01:14]} {[%emt 00:03:49]} exf4 {[%clk 00:58:40]}
{[%emt 00:01:48]} 21. Bxf4 {[%clk 01:01:09]} {[%emt 00:00:33]} Nxf4 {[%clk
00:58:33]} {[%emt 00:00:39]} 22. Rxf4 {[%clk 01:00:42]} {[%emt 00:00:48]} Qe5
{[%clk 00:59:02]} 23. Qf2 {[%clk 00:57:46]} {[%emt 00:03:36]} Qxb2 {[%clk
00:59:01]} {[%emt 00:00:31]} 24. Rf1 {[%clk 00:57:31]} {[%emt 00:00:44]} f6
{[%clk 00:57:13]} {[%emt 00:02:19]} 25. Qd2 {[%clk 00:55:10]} {[%emt 00:02:50]}
a5 {[%clk 00:55:05]} {[%emt 00:02:39]} 26. Re1 {[%clk 00:54:52]} {[%emt
00:00:47]} a4 {[%clk 00:55:11]} {[%emt 00:00:26]} 27. bxa4 {[%clk 00:54:30]}
{[%emt 00:00:48]} Rxa4 {[%clk 00:55:19]} {[%emt 00:00:25]} 28. Rff1 {[%clk
00:54:33]} {[%emt 00:00:25]} Rfa8 {[%clk 00:54:23]} {[%emt 00:01:28]} 29. Kh2
{[%clk 00:52:08]} {[%emt 00:02:55]} Ra2 {[%clk 00:51:57]} {[%emt 00:02:56]} 30.
Rc1 {[%clk 00:52:07]} {[%emt 00:00:30]} Qe5+ {[%clk 00:50:20]} {[%emt
00:02:09]} 31. Kh3 {[%clk 00:52:07]} {[%emt 00:00:29]} R8a3 {[%clk 00:49:49]}
{[%emt 00:01:02]} 32. Rf5 {[%clk 00:49:15]} {[%emt 00:03:21]} Qxe4 {[%clk
00:49:25]} {[%emt 00:00:56]} 33. Rf3 {[%clk 00:47:57]} {[%emt 00:01:46]} Qd4
{[%clk 00:45:57]} {[%emt 00:03:56]} 34. Kh4 {[%clk 00:39:45]} {[%emt 00:08:46]}
b5 {[%clk 00:42:53]} {[%emt 00:03:34]} 35. Qd1 {[%clk 00:32:51]} {[%emt
00:07:24]} Ra1 {[%clk 00:41:49]} {[%emt 00:01:34]} 36. Rxa1 {[%clk 00:32:18]}
{[%emt 00:01:02]} Rxa1 {[%clk 00:42:15]} {[%emt 00:00:06]} 37. Qe2 {[%clk
00:31:33]} {[%emt 00:01:13]} Rh1+ {[%clk 00:42:21]} {[%emt 00:00:24]} 38. Kg3
{[%clk 00:31:45]} {[%emt 00:00:18]} Qe5+ {[%clk 00:42:25]} {[%emt 00:00:27]}
39. Qxe5 {[%clk 00:31:56]} {[%emt 00:00:17]} dxe5 {[%clk 00:42:41]} {[%emt
00:00:17]} 40. Re3 {[%clk 00:30:22]} {[%emt 00:02:03]} Rc1 {[%clk 00:42:39]}
{[%emt 00:00:31]} 41. Re2 {[%clk 00:30:32]} {[%emt 00:00:21]} Kf7 {[%clk
00:42:35]} {[%emt 00:00:34]} 42. Kf3 {[%clk 00:30:47]} {[%emt 00:00:14]} Ke6
{[%clk 00:42:46]} {[%emt 00:00:19]} 43. Ke4 {[%clk 00:30:36]} {[%emt 00:00:39]}
Ra1 {[%clk 00:41:27]} {[%emt 00:01:50]} 44. Rd2 {[%clk 00:28:38]} {[%emt
00:02:29]} Ra4+ {[%clk 00:41:41]} {[%emt 00:00:17]} 45. Kf3 {[%clk 00:28:15]}
{[%emt 00:00:52]} Kd5 {[%clk 00:41:28]} {[%emt 00:00:43]} 46. Ke3 {[%clk
00:28:17]} {[%emt 00:00:27]} Rxg4 {[%clk 00:41:34]} {[%emt 00:00:25]} 47. c3
{[%clk 00:27:34]} {[%emt 00:01:13]} b4 {[%clk 00:41:12]} {[%emt 00:00:51]} 48.
cxb4 {[%clk 00:27:38]} {[%emt 00:00:26]} Rxb4 {[%clk 00:41:25]} {[%emt
00:00:19]} 49. Rc2 {[%clk 00:27:45]} {[%emt 00:00:21]} c5 {[%clk 00:41:36]}
{[%emt 00:00:20]} 50. g3 {[%clk 00:26:52]} {[%emt 00:01:23]} c4 {[%clk
00:41:05]} {[%emt 00:01:02]} 51. dxc4+ {[%clk 00:26:59]} {[%emt 00:00:21]} Rxc4
{[%clk 00:41:30]} {[%emt 00:00:08]} 52. Rb2 {[%clk 00:26:52]} {[%emt 00:00:36]}
Rc3+ {[%clk 00:41:46]} {[%emt 00:00:14]} 53. Kf2 {[%clk 00:26:34]} {[%emt
00:00:47]} Ke4 {[%clk 00:41:16]} {[%emt 00:01:00]} 54. Rb7 {[%clk 00:26:22]}
{[%emt 00:00:42]} Rf3+ {[%clk 00:41:16]} {[%emt 00:00:29]} 55. Kg2 {[%clk
00:26:33]} {[%emt 00:00:19]} g6 {[%clk 00:39:45]} {[%emt 00:02:02]} 56. Rb4+
{[%clk 00:26:06]} {[%emt 00:00:57]} Ke3 {[%clk 00:39:17]} {[%emt 00:00:58]} 57.
Rb3+ {[%clk 00:26:07]} {[%emt 00:00:29]} Ke4 {[%clk 00:39:19]} {[%emt
00:00:27]} 58. Rxf3 {[%clk 00:26:19]} {[%emt 00:00:16]} f5 {[%clk 00:39:44]}
{[%emt 00:00:08]} 59. Kf2 {[%clk 00:25:51]} {[%emt 00:00:58]} f4 {[%clk
00:39:36]} {[%emt 00:00:38]} 60. Ke2 {[%clk 00:25:23]} {[%emt 00:00:57]} fxg3
{[%clk 00:39:31]} {[%emt 00:00:35]} 61. Rxg3 {[%clk 00:25:41]} {[%emt
00:00:09]} Kf5 {[%clk 00:39:42]} {[%emt 00:00:21]} 62. Kf3 {[%clk 00:25:40]}
{[%emt 00:00:32]} h5 {[%clk 00:39:47]} {[%emt 00:00:25]} 63. Rh3 {[%clk
00:25:17]} {[%emt 00:00:52]} Kg5 {[%clk 00:38:59]} {[%emt 00:01:19]} 64. Ke4
{[%clk 00:25:29]} {[%emt 00:00:18]} Kf6 {[%clk 00:39:20]} {[%emt 00:00:09]} 65.
Rb3 {[%clk 00:24:53]} {[%emt 00:01:06]} h4 {[%clk 00:39:21]} {[%emt 00:00:29]}
66. Rf3+ {[%clk 00:24:41]} {[%emt 00:00:41]} Kg5 {[%clk 00:36:29]} {[%emt
00:03:23]} 67. Rf1 {[%clk 00:23:52]} {[%emt 00:01:18]} Kh5 {[%clk 00:35:07]}
{[%emt 00:01:53]} 68. Rg1 {[%clk 00:23:48]} {[%emt 00:00:34]} g5 {[%clk
00:33:33]} {[%emt 00:02:04]} 69. Kf5 {[%clk 00:23:23]} {[%emt 00:00:54]} h3
{[%clk 00:33:04]} {[%emt 00:01:00]} 70. Rxg5 {[%clk 00:20:31]} {[%emt
00:03:21]} Kh4 {[%clk 00:33:29]} {[%emt 00:00:06]} 71. Rg4+ {[%clk 00:20:25]}
{[%emt 00:00:35]} Kh5 {[%clk 00:33:50]} {[%emt 00:00:08]} 72. Rg1 {[%clk
00:19:31]} {[%emt 00:01:24]} Kh4 {[%clk 00:33:55]} {[%emt 00:00:25]} 73. Rh1
{[%clk 00:17:49]} {[%emt 00:02:13]} Kg3 {[%clk 00:33:29]} {[%emt 00:00:57]}
1/2-1/2